[Event "Oldie Clash (2h/40)"]
[Site "Hannover"]
[Date "2016.12.31"]
[Round "17"]
[White "Saitek Turbo King B (EGR)"]
[Black "Mephisto Monte Carlo IV"]
[Result "0-1"]
[WhiteElo "1849"]
[BlackElo "1921"]
[EventDate "2013.06.21"]

1.d4 d5 2.Nf3 e6 3.c4 Nf6 4.Nc3 Be7 5.Bg5 O-O 6.e3 Nbd7 7.Rc1 c6 8.Bd3 
dxc4 9.Bxc4 Nd5 10.Bxe7 Qxe7 {Letzter Buchzug Schwarz} 11.Ne4 {Letzter 
Buchzug Weiss} 11...b6 12.O-O Bb7 13.Ned2 f5 14.a3 e5 ( { [Komodo 13.02 
64-bit ] 22:+0.48} 14...c5 15.Re1 Rac8 16.Qe2 N5f6 17.Ba6 Bxa6 18.Qxa6 Ne4
19.b4 Nxd2 20.Nxd2 Nb8 21.Qc4 Nd7 22.Nf3 cxb4 23.Qxc8 Rxc8 24.Rxc8+ Nf8 
25.axb4 Qxb4 26.e4 a5 ) 15.Bxd5+ cxd5 16.Rc7 Bc8 17.Nxe5 Qd6 18.Rc6 Qb8 
19.Ndf3 Nxe5 20.dxe5 Bb7 21.Rd6 Qe8 22.Qd2 Rd8 23.Rxd8 Qxd8 24.Rc1 Qe7 25.
Qb4 Qxb4 26.axb4 a6 27.Rc7 Rc8 28.Rxc8+ Bxc8 29.Nd4 Kf7 30.b5 a5 31.Kf1 
Bd7 32.Ke2 Be8 33.Nxf5 Bxb5+ 34.Ke1 Bc4 35.Nd4 h5 36.f3 Bd3 37.h4 Ke7 38.
g3 Kd7 39.Kd2 Ba6 40.e6+ Ke8 41.Kc3 g6 42.Kb3 Ke7 43.Ka4 Bd3 44.b3 Ba6 45.
b4 axb4 46.Kxb4 Kd6 47.Kb3 Bd3 48.Ka4 Ke7 49.g4 ( { [Komodo 13.02 64-bit ]
33:+1.57} 49.Kb4 Kd6 50.Kc3 Bf5 51.Nb5+ Kxe6 52.Kd4 Bh3 53.Nc7+ Kd6 54.
Nxd5 Bg2 55.Nxb6 Bxf3 56.e4 Ke6 57.Nc4 Kf6 58.Ne5 Bg2 59.Nd7+ Ke7 60.Nc5 
Bf3 61.Ke5 Be2 62.Ne6 Bf3 63.Nd4 Bh1 64.Nc6+ Kf7 65.Nb4 Ke7 66.Nd5+ Kf7 
67.Nf4 Bf3 68.Nd3 Be2 69.Nb4 Bf3 70.Nc2 Bg2 71.Ne1 Bh1 72.Kf4 Ke7 73.Nd3 )
49...hxg4 ( { [Komodo 13.02 64-bit ] 31:+0.00} 49...g5 50.hxg5 h4 51.e4 h3
52.g6 h2 53.g7 h1=Q 54.Nf5+ Kf6 55.g8=Q Qd1+ 56.Kb4 Qd2+ 57.Ka3 Qc1+ 58.
Ka4 Qc4+ 59.Ka3 Qc3+ 60.Ka2 Qc2+ 61.Ka3 Qc1+ ) 50.fxg4 Kf6 51.h5 gxh5 52.
gxh5 Ke7 53.h6 Kf6 54.Kb3 Be4 55.Kb4 Bd3 56.Ne2 ( { [Komodo 13.02 64-bit ]
29:+10.37} 56.Ka4 Ke7 57.Kb3 Be4 58.Kb4 Bd3 59.Ne2 Bxe2 60.h7 Kxe6 61.h8=Q
Bd3 62.Qc8+ Kd6 63.Qf8+ Ke6 64.Qh6+ Kf7 65.Qh5+ Ke6 66.Qe8+ Kf5 67.Qf7+ 
Kg4 68.Qxd5 Bg6 69.Qe5 Kh4 70.Qd4+ Kg5 71.Qxb6 Bf5 72.Qd8+ Kg6 73.Qd6+ Kh7
74.Qh2+ Kg8 75.Qb8+ Kh7 76.Qc7+ Kg6 77.Qe5 ) 56...Bxe2 57.e4 ( { [Komodo 
13.02 64-bit ] 42:+0.00} 57.e7 Bh5 58.Kb5 Bf7 59.Kxb6 Kg6 60.Kc7 Kxh6 61.
Kd8 Kg5 62.e8=Q Bxe8 63.Kxe8 Kf6 64.Kd7 Ke5 65.Kc6 Ke4 66.Kd6 Kxe3 67.Kxd5
Ke2 68.Kc5 Kd2 69.Kb4 Kc2 70.Kb5 Kd2 71.Ka6 Kc2 72.Kb6 Kd2 73.Kc7 Kd3 74.
Kd7 Kd2 75.Ke6 Kc3 76.Kd7 Kc2 77.Ke6 Kb2 78.Kf7 Kc2 79.Ke6 ) 57...dxe4 58.
e7 Bh5 59.Kb5 Bg6 60.h7 Kg7 61.Kc4 b5+ 62.Kd4 b4 63.e8=Q Bxe8 64.h8=Q+ 
Kxh8 65.Kxe4 Bb5 66.Ke3 Kg7 67.Kd2 Kf6 68.Kc2 Bc4 69.Kc1 Ke5 70.Kb2 Kd4 
71.Kc2 b3+ 72.Kb2 Kd3 73.Kc1 Kc3 74.Kd1 b2 75.Ke1 b1=Q+ 0-1

[Event "Oldie Clash (2h/40)"]
[Site "Hannover"]
[Date "2016.12.31"]
[Round "17"]
[White "Mephisto B&P"]
[Black "Fidelity Elite A/S Budapest"]
[Result "0-1"]
[WhiteElo "1757"]
[BlackElo "1706"]
[EventDate "2013.06.21"]

1.Nf3 d5 2.c4 d4 {Letzter Buchzug Schwarz} 3.e3 Nc6 4.exd4 Nxd4 5.Nxd4 
Qxd4 6.Nc3 Nf6 7.d3 {Letzter Buchzug Weiss} 7...Ng4 8.Qe2 e5 9.f3 Bb4 10.
Bd2 Nh6 11.f4 f6 12.fxe5 Bg4 13.Qe4 Qxe4+ 14.dxe4 fxe5 15.Bxh6 gxh6 16.Be2
Rg8 17.Bf1 O-O-O 18.a3 Bc5 19.Nd5 Rdf8 20.b4 Bf2+ 21.Kd2 Kb8 22.Bd3 Bh5 
23.Bf1 Bd4 24.Rb1 Rg4 25.Re1 Bf2 26.Rc1 Rxe4 27.Bd3 Rd4 28.Kc2 e4 29.Bf1 
e3 30.g4 Bxg4 31.Bg2 Rxc4+ 32.Nc3 e2 33.Kb3 Rd4 34.Ne4 Rd3+ 35.Kb2 Bd4+ 
36.Ka2 Rg8 37.Nc5 Bxc5 38.bxc5 Be6+ 39.Kb2 Rb3+ 40.Ka2 Rxg2 41.Rhe1 Rxh2 
42.Rb1 Rc3+ 43.Kb2 Rxc5 44.Rbc1 Re5 45.Rc2 c5 46.Rd2 Kc7 47.Rc2 h5 48.Ka1 
h4 49.Rc3 h5 50.Rf3 Rg2 51.Rd3 Rg3 52.Rd2 Rxa3+ 53.Kb1 Rae3 54.Rc2 Bf5 55.
Kb2 Bxc2 56.Kxc2 Rd5 57.Kc1 h3 58.Kc2 h4 59.Kc1 h2 60.Kc2 Rd1 61.Rxd1 
exd1=Q+ 62.Kxd1 h1=Q+ 63.Kd2 Qe1+ 64.Kc2 Qf2+ 65.Kc1 Re1# 0-1

[Event "Oldie Clash (2h/40)"]
[Site "Hannover"]
[Date "2016.12.31"]
[Round "17"]
[White "Mephisto MM IV"]
[Black "Fidelity Excellence 3MHz"]
[Result "1-0"]
[WhiteElo "1967"]
[BlackElo "1843"]
[EventDate "2013.06.21"]

1.d4 Nf6 2.c4 d6 {Letzter Buchzug Schwarz} 3.Nf3 {Letzter Buchzug Weiss} 
3...Nc6 4.Nc3 Bf5 5.Bg5 h6 6.Bxf6 exf6 7.e4 Bd7 8.Nd5 f5 9.Bd3 fxe4 10.
Bxe4 f5 11.Bd3 Ne7 12.Qe2 Kf7 13.Nf4 g5 14.Nh5 Kg6 ( { [Komodo 13.02 
64-bit ] 24:-0.23} 14...g4 15.Nh4 Nc6 16.Nxf5 Qg5 17.Nhg3 Re8 18.Ne3 Qa5+ 
19.Qd2 Qxd2+ 20.Kxd2 Nxd4 21.Nh5 Re5 22.Nf4 Rg8 23.h3 gxh3 24.Nxh3 Ra5 25.
Bh7 Rh8 26.Be4 c6 27.Nf4 Rg8 28.Nc2 Nxc2 29.Kxc2 Rgg5 30.a3 Rae5 31.Bd3 
Bg7 32.g3 Re8 ) 15.g4 c5 16.dxc5 Qa5+ 17.Kf1 Qxc5 18.b4 Qxb4 19.Rb1 Qa4 
20.Rxb7 Bc8 21.Rxe7 Bxe7 22.Qxe7 Qd1+ 23.Kg2 Qxf3+ 24.Kxf3 Rg8 25.Re1 d5 
26.Qf6+ Kh7 27.Re7+ Rg7 28.Qxg7# 1-0

[Event "Oldie Clash (2h/40)"]
[Site "Hannover"]
[Date "2016.12.31"]
[Round "17"]
[White "Mephisto Monte Carlo I"]
[Black "Mephisto Modena"]
[Result "1/2-1/2"]
[WhiteElo "1888"]
[BlackElo "1916"]
[EventDate "2013.06.21"]

1.d4 c6 2.e4 d5 3.Nc3 g6 4.h3 Bg7 {Letzter Buchzug Schwarz} 5.Nf3 {Letzter
Buchzug Weiss} 5...dxe4 6.Nxe4 Bf5 7.Ng3 Be6 8.Be2 c5 9.c3 Nc6 10.Bb5 Qa5 
11.Qa4 Qxa4 12.Bxa4 Bd5 13.dxc5 Nf6 14.Nh4 Nd7 15.Be3 Nde5 16.O-O Nc4 17.
Bd4 Bxd4 18.cxd4 Nxb2 19.Bb5 a6 20.Bxc6+ bxc6 21.Rfe1 Nd3 22.Re3 Nb4 23.
Re2 Nd3 24.Re3 Nb4 25.Re2 Nd3 26.Re3 1/2-1/2